| 000 | 00913nam a22002537a 4500 | ||
|---|---|---|---|
| 001 | 113789 | ||
| 003 | DR-UNIBE | ||
| 005 | 20251015104051.0 | ||
| 008 | 250626b2016 dr ||||| |||| 00| 0 spa d | ||
| 040 |
_aBIBLIOTECA UNIBE _bspa _cBIBLIOTECA UNIBE _erda |
||
| 041 | _aspa | ||
| 082 | _aF-RD 5978 | ||
| 100 | 1 |
_aHernández, Miosotis _eautor _9196861 |
|
| 245 | 1 | 0 |
_aTodas las niñas y todos los niños son meritorios : _btalleres para trabajar las cualidades meritorias de las/los estudiantes en educacion primaria / _cMiosotis Hernández |
| 260 |
_aSanto Domingo : _bMINERD, _c2016 |
||
| 300 | _a44 páginas | ||
| 650 | _aNiños | ||
| 650 |
_aPremios (Educación) _9199795 |
||
| 653 | _aEstudiantes meritorios | ||
| 700 |
_aCeballos Díaz, Rita Ma. _9196846 _erevisor |
||
| 700 |
_aReyes Ramírez, Betty M _9196847 _erevisor |
||
| 700 |
_aMontás D´Oleo, Bertha Marcily _9196779 _erevisor |
||
| 942 |
_2ddc _cMX |
||
| 999 |
_c113789 _d113789 |
||